000 01083nac a22002171u 4500
008 090318t2005 ua|||||r|||| 001 0dara d
020 _a9953367310
082 _bخ ل ي
_a320.101
100 _aخليل، أحمد خليل
_917572
245 _aسوسيولوجيا الجمهور السياسى الدينى :
_bفى الشرق الأوسط المعاصر /
_cخليل أحمد خليل.
260 _aبيروت :
_bالمؤسسة العربية للدراسات والنشر،
_c م 2005.
300 _a391 ص :
_bأيض؛
_c24 سم.
490 _917575
_aفكر- دراسات
504 _aيحتوي علي مراجع ببليوجرافية ص 379-386
511 _aCatalogued by: Sara
650 _aالاجتماع ، علم
_922401
650 _aالمجتمع
_922402
650 _aالجماعات الضاغطة
_921716
942 _cBB
_k320.101 خ ل ي
_2ddc
999 _c7900
_d7900